Earth
| Main Author: | |
|---|---|
| Format: | Book |
| Published: |
New York :
AV2 by Weigl ,
2016
|
| Series: | Planets
|
| Subjects: |
MARC
| LEADER | 00000cam a2200000 7i4500 | ||
|---|---|---|---|
| 001 | 0000216115 | ||
| 005 | 20170529.0 | ||
| 020 | |a 9781489632807 | ||
| 090 | 0 | 0 | |a 525 |b ROU |
| 100 | 1 | |a Roumanis, Alexis | |
| 245 | 1 | 0 | |a Earth |c Alexis Roumanis |
| 260 | |a New York : |b AV2 by Weigl , |c 2016 | ||
| 300 | |a 24p. ; |c 22cm. | ||
| 490 | 0 | |a Planets | |
| 650 | 0 | 0 | |a Earth (Planet) |x Juvenile literature |
| 999 | |a 00336246 |b BUKU |c JUNIOR BOOKS |e PERPUSTAKAAN KOMUNITI PETALING JAYA | ||